| 000 | 00347nam a22001457a 4500 | ||
|---|---|---|---|
| 020 | _qPB. | ||
| 040 | _cFIZZA ISHAQ | ||
| 082 |
_a624.151 _bFRE |
||
| 100 |
_aBELL, G. FRED. _989484 |
||
| 245 |
_aENGINEERING GEOLOGY & CONSTRUCTION / _cFRED G. BELL. |
||
| 250 | _a1st ED. | ||
| 260 |
_bCRC PRESS, _c2004. |
||
| 300 | _a797 P. ; | ||
| 942 |
_2ddc _cBK |
||
| 999 |
_c588210 _d588210 |
||